| 000 | 00555nam a22001697a 4500 | ||
|---|---|---|---|
| 003 | CEME | ||
| 005 | 20210628205824.0 | ||
| 008 | 210317b xxu||||| |||| 00| 0 eng d | ||
| 040 | _c. | ||
| 082 | _a297.63 NOU | ||
| 100 |
_aAllama Shibly Noumani Shibly Noumani, Allama Syed Suleman Nadvi, Allama _977140 |
||
| 245 | _aSeerat-un-nabi peace be upon him | ||
| 260 |
_aLAHORE _bALFAISAL _c1991 |
||
| 300 | _a4 VOLS | ||
| 650 |
_aISLAM-BIOGRAPHY-SEERAT-UN-NABI PEACE BE UPON HIM.ISLAM-BIOGRAPHY-PROPHET MUHAMMAD PEACE BE UPON HIM _977141 |
||
| 942 |
_cBK _2ddc |
||
| 999 |
_c582465 _d582465 |
||